| 000 | 00535nam a2200169Ia 4500 | ||
|---|---|---|---|
| 008 | 090711s9999 xx 000 0 und d | ||
| 082 | _b6392 | ||
| 100 | _aशहा नलिनी | ||
| 245 | _aजातकुळी | ||
| 260 |
_bव्होरा अॅण्ड कंपनी पब्लिशर्स प्रा. लि. _c1956 |
||
| 300 | _a150 | ||
| 600 | _aशहा नलिनी | ||
| 630 | _aजातकुळी | ||
| 700 | _aशहा नलिनी | ||
| 730 | _aजातकुळी | ||
| 942 | _cBOOK | ||
| 999 |
_c305782 _d305782 |
||